|
|
|
|
| LEADER |
00000nam0a2200000 4500 |
| 001 |
72331 |
| 005 |
20231031083342.0 |
| 035 |
|
|
|a (RuTPU)RU\TPU\book\77133
|
| 090 |
|
|
|a 72331
|
| 100 |
|
|
|a 20050118d1966 m y0rusy50 ca
|
| 101 |
0 |
|
|a rus
|
| 102 |
|
|
|a RU
|
| 105 |
|
|
|a a j 001zy
|
| 200 |
1 |
|
|a Прикладная оптика. Фотографические, проекционные и фотоэлектрические системы. Методы аберрационного расчета оптических систем
|e учебное пособие
|f И. А. Турыгин
|
| 210 |
|
|
|a Москва
|c Машиностроение
|d 1966
|
| 215 |
|
|
|a 431 с.
|c ил.
|
| 320 |
|
|
|a Библиогр.: с. 428.
|
| 610 |
1 |
|
|a прикладная оптика
|
| 610 |
1 |
|
|a фотографические системы
|
| 610 |
1 |
|
|a проекционные оптические системы
|
| 610 |
1 |
|
|a фотоэлектрические системы
|
| 610 |
1 |
|
|a аберрационные расчеты
|
| 610 |
1 |
|
|a учебные пособия
|
| 675 |
|
|
|a 535(075)
|v 3
|
| 700 |
|
1 |
|a Турыгин
|b И. А.
|
| 801 |
|
1 |
|a RU
|b 63413507
|c 20050118
|g PSBO
|
| 801 |
|
2 |
|a RU
|b 63413507
|c 20060710
|g PSBO
|
| 942 |
|
|
|c BK
|